[Event "RUS-chT Blitz Men 2018"]
[Site "Sochi"]
[Date "2018.10.10"]
[Round "5"]
[White "Alekseenko, Kirill"]
[Black "Potapov, Pavel"]
[Result "1-0"]
[WhiteElo "2639"]
[BlackElo "2515"]
[Annotator "TA"]
[PlyCount "103"]
[EventDate "2018.10.10"]
[EventType "swiss"]
[EventCountry "RUS"]
[SourceTitle "playchess.com"]
[Source "ChessBase"]
[SourceQuality "1"]

{[%evp 11,103,4,8,8,2,-43,20,0,33,0,0,0,0,8,29,20,59,2,49,41,60,29,20,0,48,45,50,47,57,47,55,64,41,19,57,57,58,42,53,41,45,30,86,44,60,48,60,40,50,8,8,7,46,34,86,0,10,0,0,0,0,0,0,0,0,0,606,605,1496,1450,1454,1470,5427,1340,1228,1439,1427,1403,1485,1266,1346,1347,1279,1228,1436,1313,7280,8266,5522,6525,29970,29969,29967,10410]} 1. d4 d5 2. Nc3 g6 3. Bf4 Bg7 4. e3 Nf6 5. h4 h5 6. Nf3 {D00: 1 d4 d5: Unusual lines} O-O {LiveBook: 10 Games} 7. Ne5 c5 8. f3 {The position is equal.} Nc6 (8... cxd4 $15 9. exd4 Nfd7) 9. Qd2 $11 Nd7 10. Nxd5 cxd4 11. exd4 Ndxe5 $146 12. dxe5 Nxe5 13. O-O-O {[#] Nf6+! is the strong threat.} Be6 14. Kb1 (14. Qe3 $14 Bxd5 15. Bxe5) 14... Bxd5 15. Qxd5 Qb6 16. Qb5 ({But not} 16. Bxe5 $2 Rad8 $19) 16... Rad8 17. Be2 Qxb5 18. Bxb5 Nc6 19. c3 a6 20. Be2 (20. Bd3 {looks sharper.} Rd7 21. Kc2 Rfd8 22. g4 b5 23. Be2) 20... Rxd1+ 21. Rxd1 Rd8 22. Rh1 e5 23. Bg5 f6 24. Be3 f5 25. Kc2 Bf6 26. a4 Ne7 (26... Rc8 $11 {keeps the balance.}) 27. Bb6 Rd7 28. Bf2 Kg7 29. a5 e4 30. Bc4 exf3 31. gxf3 Nc6 32. b4 Ne5 ({Black should try} 32... f4 $14) 33. Be2 (33. Be6 $16 Re7 34. Bd5) 33... f4 34. Re1 Rc7 {[#] Hoping for ...Nxf3!} 35. Bd4 Nc6 36. Bxf6+ Kxf6 {[%mdl 4096] Endgame KRB-KRN} 37. Kd2 Re7 38. Bd3 {aiming for Rxe7.} Rxe1 $4 {[%mdl 8192]} (38... Ne5 $11 39. Be4 Nc4+ 40. Kd1 Ne3+ 41. Ke2 Nf5) 39. Kxe1 {KB-KN} g5 40. hxg5+ Kxg5 41. Be4 Kf6 42. Kf2 (42. Bxc6 $142 bxc6 43. c4) 42... Ke5 43. Kg2 Kd6 44. Kh3 Kc7 45. Kh4 Ne5 46. Kxh5 Nc4 47. Kg5 Nd6 48. Bd3 b6 49. axb6+ Kxb6 50. Kxf4 a5 51. bxa5+ Kxa5 52. Ke5 {Precision: White = 55%, Black = 27%.} 1-0

[Event "RUS-chT Blitz Men 2018"]
[Site "Sochi"]
[Date "2018.10.10"]
[Round "5"]
[White "Grachev, Boris"]
[Black "Morozevich, Alexander"]
[Result "1/2-1/2"]
[WhiteElo "2626"]
[BlackElo "2656"]
[Annotator "TA"]
[PlyCount "32"]
[EventDate "2018.10.10"]
[EventType "swiss"]
[EventCountry "RUS"]
[SourceTitle "playchess.com"]
[Source "ChessBase"]
[SourceQuality "1"]

{[%evp 22,32,0,17,5,17,24,0,0,0,0,0,-5]} 1. d4 Nf6 2. Nf3 g6 3. g3 Bg7 4. Bg2 O-O 5. O-O d6 6. c4 c5 7. e3 Nc6 8. Nc3 cxd4 9. Nxd4 Bg4 {E61: King's Indian: Early deviations for White, including Smyslov System} 10. Qd2 Qd7 11. b3 Bh3 12. Bb2 {LiveBook: 3 Games} Bxg2 13. Kxg2 {[#]} a6 $146 ({Predecessor:} 13... Rac8 14. Rac1 Rfd8 15. Rfd1 a6 16. Qe2 e6 17. Nxc6 Qxc6+ 18. Qf3 Ne8 19. Ba1 {½-½ (19) Jakovenko,D (2721)-Svidler,P (2763) Palma de Mallorca 2017}) 14. Nd5 Nxd5 {The position is equal.} 15. cxd5 Nxd4 16. Bxd4 Bxd4 1/2-1/2

[Event "RUS-chT Blitz Men 2018"]
[Site "Sochi"]
[Date "2018.10.10"]
[Round "5"]
[White "Chigaev, Maksim"]
[Black "Paravyan, David"]
[Result "1-0"]
[WhiteElo "2599"]
[BlackElo "2629"]
[Annotator "TA"]
[PlyCount "83"]
[EventDate "2018.10.10"]
[EventType "swiss"]
[EventCountry "RUS"]
[SourceTitle "playchess.com"]
[Source "ChessBase"]
[SourceQuality "1"]

{[%evp 13,83,14,18,19,27,18,11,14,15,8,21,0,0,0,12,0,85,77,92,93,79,59,75,46,75,66,116,34,36,47,114,101,110,97,120,119,131,122,176,176,251,237,279,253,235,233,259,265,233,257,420,415,410,362,397,281,419,344,319,241,299,301,354,353,437,414,435,447,439,437,29980,29980]} 1. e4 e5 2. Bc4 Nf6 3. d3 Nc6 4. Nf3 Bc5 5. O-O d6 6. a4 a6 7. c3 h6 8. Re1 {C54: Giuoco Piano: 4 c3 Nf6, main lines with 5 d4 and 5 d3} O-O 9. h3 a5 10. Nbd2 {The position is equal.} Be6 11. b3 Re8 $146 ({Predecessor:} 11... Bxc4 12. bxc4 Nd7 13. Nb3 Bb6 14. d4 Re8 15. Rb1 Qf6 {0-1 (36) Jumabayev,R (2612)-Grischuk,A (2772) Riadh 2017}) 12. Nf1 d5 13. exd5 Nxd5 14. Bd2 Nf4 (14... Bd6 $11) 15. Bxf4 Bxc4 16. bxc4 exf4 17. d4 Bf8 $1 18. N1d2 Rxe1+ 19. Qxe1 Qd7 20. Qb1 (20. Qe4 $16) 20... b6 $14 21. Qe4 $36 {[%mdl 2048] Threatens to win with Ne5. White fights for an advantage.} Re8 (21... Bd6 $14) 22. Qxf4 $16 Bd6 23. Qg4 f5 24. Qh5 Bf4 25. Nf1 Nd8 {[#]} (25... Qf7 $16 26. Qxf7+ Kxf7) 26. Nh4 $1 $18 Re4 (26... Qe6 $142 27. Qxf5 (27. Nxf5 g6 $15) 27... Bg5) 27. Nxf5 Qe6 28. N5e3 Nf7 29. Qd5 Bxe3 30. Nxe3 ({Resist} 30. fxe3 $6 Nd6 $16) 30... Nd6 31. Qc6 Qe7 $2 {[#]} (31... Ne8 {was necessary.} 32. Qb7 Kh8) 32. c5 bxc5 33. dxc5 Nf7 34. Rd1 Re6 (34... Re5 $142 35. Qa8+ Kh7 36. Qxa5 Qxc5 37. Qxc5 Rxc5) 35. Qa8+ Kh7 36. Qd5 Re5 37. Qd3+ g6 38. c6 Nd6 39. Nd5 Re1+ 40. Kh2 Rxd1 41. Qxd1 (41. Nxe7 $2 {is the wrong capture.} Rxd3 42. Kg1 Rxc3 $19) 41... Qe8 (41... Qe5+ $18 42. f4 Qf5 43. Nxc7 Qxf4+ 44. Kh1 Qe5) 42. Nf6+ {Precision: White = 71%, Black = 41%.} 1-0

[Event "RUS-chT Blitz Men 2018"]
[Site "Sochi"]
[Date "2018.10.10"]
[Round "5"]
[White "Kryakvin, Dmitry"]
[Black "Murzin, Volodar"]
[Result "1-0"]
[WhiteElo "2595"]
[BlackElo "2340"]
[Annotator "TA"]
[PlyCount "115"]
[EventDate "2018.10.10"]
[EventType "swiss"]
[EventCountry "RUS"]
[SourceTitle "playchess.com"]
[Source "ChessBase"]
[SourceQuality "1"]

{[%evp 20,115,43,27,49,47,54,51,59,29,85,79,93,71,105,96,127,116,107,90,86,87,110,109,184,128,133,137,129,118,152,118,118,86,138,120,267,104,62,19,132,132,113,106,347,339,280,95,798,159,145,106,122,111,110,92,103,96,92,101,173,105,360,335,403,396,428,437,528,455,797,792,785,663,601,595,567,543,623,554,1928,1928,1465,1493,4682,12849,5102,12796,29984,29985,29985,29986,29986,29987,29987,29988,29988,29989]} 1. d4 Nf6 2. c4 g6 3. Nc3 Bg7 4. e4 O-O 5. Nf3 d6 6. Be2 Nbd7 7. O-O e5 8. Qc2 Re8 9. Rd1 exd4 10. Nxd4 Nc5 11. f3 {LiveBook: 59 Games} Bd7 {E94: King's Indian: Classical: 6 Be2 e5 7 0-0: Various Black 7th moves} (11... Nh5 12. Bf1 Bd7 13. Qf2 a5 14. Be3 a4 15. Ndb5 a3 16. b4 Na4 17. Bd4 Nxc3 18. Nxc3 Be6 19. Bxg7 Kxg7 {1-0 (65) Lenderman,A (2611)-Adhiban,B (2655) chess.com INT 2018}) 12. Be3 a6 13. b4 $146 ({Predecessor:} 13. Rac1 Qe7 14. Nb3 b6 15. Bf1 Bc6 16. Nd5 Qd8 17. Bg5 Ne6 18. Bh4 g5 19. Bf2 {1-0 (40) Ghane Gardeh,S (2415)-Rajabi,M Urumia 2008}) 13... Ne6 {White is slightly better.} 14. Nxe6 Rxe6 (14... Bxe6 $11 {keeps the balance.} 15. Rac1 a5) 15. Rac1 $16 Qe8 16. Bd4 c6 17. Bf1 Nh5 18. Bxg7 Nxg7 19. c5 dxc5 20. bxc5 Rd8 21. Na4 Re5 (21... Qf8 $16 {is a better defense.}) 22. Qc3 (22. Qb2 $18) 22... Re7 23. Nb6 Be6 24. Rd6 $1 Rb8 25. Qd2 Qf8 26. a4 Ree8 (26... Ne8 $142) 27. a5 f5 {[#]} (27... Re7 $16 {was necessary.}) 28. Bd3 $2 (28. Bc4 $1 $18) 28... fxe4 29. Bxe4 Nf5 (29... Re7 $11) 30. Nd7 Bxd7 31. Rxd7 {Black must now prevent Qa2+.} Red8 $2 (31... Qf6 $16) 32. Bxf5 gxf5 33. Rd6 $2 (33. Qa2+ $18 {is more deadly.} Kh8 34. Qb2+ Kg8 35. Qb3+ (35. Rxb7 Rxb7 36. Qxb7 Qe8 $18) 35... Kh8 36. Qc3+ (36. Rxb7 Rxb7 37. Qxb7 Qe8 $16) 36... Kg8 37. Rcd1 Rxd7 38. Rxd7) 33... Qe7 $2 {[%mdl 8192] [#]} (33... Rxd6 $16 34. cxd6 Rd8) 34. Rd1 $2 (34. Re1 $1 $18 {[%cal Re1e7] and the rest is easy.} Rxd6 35. cxd6 (35. Rxe7 $2 {loses.} Rxd2 36. Re6 Rd5 $19)) 34... Re8 35. Qa2+ Qf7 36. Qxf7+ Kxf7 {[%mdl 4096] Endgame KRR-KRR} 37. Rd7+ Re7 38. Kf2 Rbe8 39. Kg3 Kf6 (39... Rg8+ $16 40. Kf2 Rg7) 40. R1d6+ ({White should try} 40. R7d6+ $18 Kf7 41. Kf4) 40... Kf7 $2 {[%mdl 8192]} (40... Ke5 $16 {might work better.}) 41. Kf4 $18 Rxd7 42. Rxd7+ {KR-KR} Kf6 43. Rxb7 Re2 44. Rb6 Rxg2 (44... Ke6 $142 45. Rxc6+ Kd5 46. Rxa6 Rxg2) 45. Rxc6+ Ke7 46. Rh6 Kd7 47. Kxf5 Ra2 48. Ke5 Rxa5 49. Kd5 Ra2 50. Rxh7+ Kd8 51. h4 {[%cal Bh2h4,Bh4h5,Bh5h6,Bh6h7][%mdl 32]} a5 52. h5 a4 53. h6 a3 54. Ra7 {White mates.} Rd2+ 55. Kc6 a2 56. h7 {[%cal Rh7h8]} Rh2 {[#]} 57. Rxa2 $1 {[%mdl 512]} Rh6+ (57... Rxa2 58. h8=Q+) 58. Kb5 {Precision: White = 50%, Black = 29%.} 1-0

[Event "RUS-chT Blitz Men 2018"]
[Site "Sochi"]
[Date "2018.10.10"]
[Round "5"]
[White "Antipov, Mikhail Al."]
[Black "Vastrukhin, Oleg"]
[Result "0-1"]
[WhiteElo "2593"]
[BlackElo "2413"]
[Annotator "TA"]
[PlyCount "96"]
[EventDate "2018.10.10"]
[EventType "swiss"]
[EventCountry "RUS"]
[SourceTitle "playchess.com"]
[Source "ChessBase"]
[SourceQuality "1"]

{[%evp 12,96,55,39,82,61,102,58,86,-8,0,0,6,0,4,7,46,27,45,45,46,45,42,44,175,147,236,-587,-578,-887,-870,-822,-767,-988,-955,-1267,-1006,-1325,-753,-1177,-1159,-29980,-29981,-29990,-29984,-29984,-29985,-29985,-29986,-29986,-29987,-29991,-29987,-29987,-430,-358,-146,-127,-152,-155,-155,-342,-327,-214,-477,-435,-462,-438,-341,-430,-424,-351,0,-268,-263,-412,-416,-644,-710,-649,-595,-553,-568,-29977,-29977,-29979,-5633]} 1. e4 g6 2. d4 Bg7 3. Nc3 c6 4. h3 d5 5. e5 f6 6. f4 {B15: Caro-Kann: 3 Nc3: 3...g6 and 3...dxe4 4 Nxe4 Nf6 5 Nxf6+ exf6} Nh6 7. g4 {LiveBook: 3 Games} Na6 $146 ({Predecessor:} 7... O-O 8. Nf3 fxe5 9. dxe5 Qb6 10. Qe2 Na6 11. Nd1 Nc5 12. Nf2 Ne6 13. Nd3 {½-½ (60) Antipov,M (2598)-Saric,I (2690) Linares 2018}) 8. Nf3 {White is better.} O-O 9. Be3 Qb6 10. Qd2 (10. Qc1 $16) 10... Qxb2 $11 11. Rb1 {[%cal Ba1b1,Bb1b3,Bb3b7][%mdl 32]} Qa3 12. Rb3 $36 {[%mdl 2048] White fights for an advantage.} Qa5 13. f5 Nxf5 (13... Nf7 $5 {[%cal Rf6e5]}) 14. gxf5 Bxf5 15. Rxb7 Nb4 16. Bd3 Nxd3+ 17. cxd3 Rab8 (17... fxe5 $14 18. Nxe5 Bxe5 19. dxe5 Rfb8 20. Rxb8+ (20. Rxe7 d4 $11) 20... Rxb8) 18. Rxe7 $18 Qa3 (18... fxe5 $16 19. dxe5 (19. Nxe5 Bf6 $15) 19... Rf7) 19. O-O $4 {[%mdl 8192]} (19. Rxg7+ $18 Kxg7 20. Bh6+ Kg8 21. Bxf8 Qxf8 22. Kd1) 19... Qxe7 $19 20. Re1 fxe5 21. Bg5 Qb4 22. a3 Qxa3 23. dxe5 Rb2 24. Qc1 Rb3 25. Nxd5 cxd5 26. Qc7 Rxd3 27. Bf6 Bxf6 28. exf6 Rxf6 29. Re8+ Rf8 30. Rxf8+ Qxf8 31. Ng5 Rd1+ 32. Kh2 Rh1+ (32... Rd2+ $142 33. Kg3 Rd3+ 34. Kh2 {[#]} Bd7 $1 {[%mdl 512]} 35. Qg3 Rxg3 36. Kxg3 Qb8+ 37. Kg2 Qb2+ 38. Kf3 Qf6+ 39. Ke3 Qxg5+ 40. Kd3 Qg3+ 41. Kd4 Bxh3 42. Kc5 Qc3+ 43. Kd6 Kf7 44. Kxd5 Bg2+ 45. Kd6 Qc6+ 46. Ke5 Qf6#) 33. Kxh1 {[%csl Gg5][%cal Rc7h7] [#]} Be4+ (33... Qf6 $19 34. Qb8+ Kg7 35. Qb7+ Kh6 36. Nf7+ Kh5 37. Qxd5 Qc3) 34. Kg1 $17 {[%csl Gg5][%cal Rc7h7]} Qf5 35. Qxh7+ Kf8 36. Qh4 $2 (36. Nxe4 $17 {keeps fighting.} Qxe4 37. Qxa7) 36... a5 $19 37. Qh8+ (37. Nxe4 $142 dxe4 38. Qd8+ Kf7 39. Qc7+ Kf6 40. Qd8+ Ke5 41. Qxa5+ Kf4 42. Qd2+ Kg3 43. Qe3+ Qf3 44. Qg5+ Kxh3 45. Qh6+ Qh5 46. Qe3+ Kh4 47. Qe1+ Kg5 48. Qd2+ Kg4 49. Qd1+ Kg3 50. Qd2) 37... Ke7 38. Qg7+ Kd6 39. Nf7+ Kc6 40. Qc3+ Kd7 41. Qg7 {aiming for Nh6+.} Kc6 $2 (41... Qe6 $19 {...a4 is the strong threat.} 42. Ne5+ Kc8) 42. Nd8+ $2 {[%mdl 8192]} (42. Qc3+ $1 $11 Kd7 43. Qg7) 42... Kb5 43. Qb2+ (43. Qb7+ $142 Kc4 44. Qa6+ Kb3 45. Qb5+ Kc2 46. Qa4+ Kc1 47. Qa3+ Kd1 48. Qa1+ Ke2 49. Qb2+ Bc2 50. Nc6 Qf1+ 51. Kh2 Qf4+ 52. Kg2) 43... Kc4 44. Qa2+ (44. Qc1+ $142 Kb3 45. Qe3+ Bd3 46. Nc6 Qf1+ 47. Kh2 Qe2+ 48. Qxe2 Bxe2 49. Nxa5+ Kc2 50. Nc6) 44... Kd3 {( -> ...Qg5+)} 45. Qb1+ Ke2 {[%csl Ge2][%cal Rf5f2]} 46. Qb2+ Bc2 {Hoping for ...Qg5+.} 47. Qb5+ Qd3 48. Qe8+ Qe3+ {Precision: White = 27%, Black = 38%.} 0-1

[Event "RUS-chT Blitz Men 2018"]
[Site "Sochi"]
[Date "2018.10.10"]
[Round "5"]
[White "Timofeev, Artyom"]
[Black "Gutenev, Alexander"]
[Result "1-0"]
[WhiteElo "2580"]
[BlackElo "2456"]
[Annotator "TA"]
[PlyCount "67"]
[EventDate "2018.10.10"]
[EventType "swiss"]
[EventCountry "RUS"]
[SourceTitle "playchess.com"]
[Source "ChessBase"]
[SourceQuality "1"]

{[%evp 10,67,37,0,24,10,8,0,26,25,33,24,44,34,103,104,115,108,122,114,115,95,183,175,148,96,115,108,118,115,117,64,114,106,144,115,219,224,504,475,601,459,949,635,564,516,491,504,709,593,547,371,387,371,619,514,443,239,813,784]} 1. c4 Nf6 2. Nc3 d5 3. d4 g6 4. Nf3 Bg7 5. Bg5 Ne4 6. h4 {LiveBook: 12 Games. D91: Grünfeld: 4 Nf3 Bg7 5 Bg5} (6. Nxd5 c6 $15) (6. Bf4 O-O 7. e3 c5 8. cxd5 Nxc3 9. bxc3 Qxd5 10. Be2 cxd4 11. cxd4 Qa5+ 12. Qd2 Nc6 13. Qxa5 Nxa5 14. Kd2 Be6 15. Rhc1 Rfc8 16. Bd3 Rxc1 17. Kxc1 Rc8+ 18. Kd2 Bd5 19. e4 Bc4 20. Rc1 b5 {½-½ (48) So,W (2780)-Wei,Y (2729) chess.com INT 2018}) 6... h6 7. Bf4 Nxc3 $146 ({Predecessor:} 7... c5 8. e3 Nxc3 9. bxc3 O-O 10. Qb3 cxd4 11. exd4 dxc4 12. Bxc4 Nc6 13. Qc2 Bf5 14. Qd2 h5 15. Bh6 Rc8 16. O-O e5 17. Bxg7 Kxg7 18. d5 Na5 19. Bb3 f6 20. Rfd1 Qd6 {½-½ (20) Haak,E (2182)-De Wit,G (2003) Vlissingen 2007}) 8. bxc3 {The position is equal.} dxc4 (8... c5 $5) 9. e4 c5 10. Bxc4 cxd4 11. cxd4 {[%cal Bc3d4,Bd4d5][%mdl 32]} Nc6 (11... Bg4 $1 $14) 12. d5 $16 Na5 13. Be2 {Strongly threatening Rc1.} O-O 14. Rc1 {[#] Threatens to win with Bc7.} b6 15. Qd2 Kh7 (15... h5 $16) 16. h5 $18 g5 17. Be5 $36 {[%mdl 2048] Keeping Black busy.} (17. Bc7 $142 Qe8 18. e5) 17... f6 18. Bc3 {[%cal Be5c3,Bc3b4,Bb4e7][%mdl 32]} Nb7 19. Nd4 Nc5 {[#]} 20. Qe3 ({White should play} 20. Qc2 $1 $16) 20... Qd6 21. O-O Qf4 22. Bb4 Qxe3 (22... f5 $16 {is a better defense.}) 23. fxe3 Nxe4 $2 (23... f5 24. Bxc5 (24. Nxf5 Bxf5 25. Rxf5 Rxf5 $16) 24... bxc5) 24. Bxe7 Re8 25. d6 Bd7 (25... Nc5 $142 26. Bb5 (26. Bxf6 Rxe3 27. Bxg7 Kxg7 $16) 26... Rg8) 26. Rc7 Nc5 27. Bb5 Bxb5 28. Nxb5 a6 29. Nd4 Rec8 30. Rxc8 Rxc8 31. Rc1 Ra8 $2 (31... Rb8 32. Nf5 Rb7) 32. Nf5 Bf8 33. Rd1 ({But not} 33. Bxf6 Ra7 $18) (33. g4 $142) 33... Ra7 $2 (33... Nd7 34. Rc1 Nc5 35. Bxf6 Ra7) 34. Bxf8 {Precision: White = 66%, Black = 32%.} 1-0

[Event "RUS-chT Blitz Men 2018"]
[Site "Sochi"]
[Date "2018.10.10"]
[Round "5"]
[White "Rozum, Ivan"]
[Black "Tsvetkov, Andrey"]
[Result "1-0"]
[WhiteElo "2573"]
[BlackElo "2264"]
[Annotator "TA"]
[PlyCount "171"]
[EventDate "2018.10.10"]
[EventType "swiss"]
[EventCountry "RUS"]
[SourceTitle "playchess.com"]
[Source "ChessBase"]
[SourceQuality "1"]

{[%evp 10,171,10,4,10,-17,10,8,6,4,5,-43,-41,-51,-46,-32,-45,-44,-5,-24,102,81,310,317,380,366,354,139,152,123,123,122,113,81,78,80,101,81,142,42,61,0,112,100,101,85,96,97,140,58,285,0,132,127,143,125,134,137,121,127,173,141,151,133,135,132,180,177,206,197,213,206,219,170,231,143,378,390,349,198,197,191,902,145,147,147,148,136,136,118,118,108,129,44,72,79,119,108,110,77,279,277,263,225,259,232,259,252,353,345,342,324,556,382,589,571,568,587,697,587,560,520,630,560,549,550,618,543,29960,29967,29960,29963,29959,1206,1117,677,29979,29980,29944,1056,1130,971,976,946,29970,29971,29968,29969,29979,29980,29981,29982,29987,29988,29989,29988,29989,29990,29990,29986,29986,29984,29984,29983]} 1. Nf3 d5 2. d4 Nf6 3. g3 Bg4 4. Bg2 e6 5. c4 c6 6. Nc3 Nbd7 {D11: Slav Defence: 3 Nf3 sidelines and 3...Nf6 4 e3 Bg4} 7. h3 (7. O-O Bxf3 8. Bxf3 dxc4 9. a4 a5 10. Qc2 Nb6 11. Rd1 Be7 12. e4 O-O 13. Be3 Qc7 14. Bf4 Qc8 15. Rab1 {0-1 (39) Mchedlishvili,M (2603)-Laznicka,V (2647) Riadh 2017}) 7... Bh5 (7... Bxf3 $5 8. Bxf3 dxc4 $11) 8. Qb3 Qb6 {The position is equal.} 9. c5 $146 ({Predecessor:} 9. O-O Be7 10. Bf4 O-O 11. Rad1 Bg6 12. Qxb6 axb6 13. cxd5 Nxd5 14. Nxd5 exd5 15. a3 b5 16. Bd2 Rfe8 17. Rfe1 Bf6 18. Bg5 Bxg5 19. Nxg5 Nb6 20. e3 Ra4 21. e4 h6 22. Nf3 Rxe4 {0-1 (22) Werner,C (2315)-Krivoshey,S (2487) Schwaebisch Gmuend 2005}) 9... Qa6 10. Bf1 b6 11. g4 {e3 is the strong threat.} Bg6 12. e4 Qc8 13. exd5 Nxd5 (13... exd5 $5 {[%cal Rb6c5]} 14. cxb6 axb6 $11) 14. Nxd5 cxd5 (14... exd5 $11 {keeps the balance.} 15. cxb6 axb6) 15. Bb5 f6 $2 ({Not} 15... bxc5 $2 16. Ne5 $18) (15... a6 $16 16. Bxd7+ Qxd7) 16. c6 $18 {[%cal Bc5c6,Bc6c7][%mdl 32]} Nb8 17. c7+ Nd7 18. Bc6 $2 (18. Bf4 $18 {is the precise move to win.}) 18... Bd6 $16 19. Bxa8 Qxa8 20. O-O Bxc7 21. Re1 Kf7 22. Bd2 Be4 23. Rac1 Bd6 (23... Qb8 $142) 24. Re3 (24. Nh4 $1 $16) 24... Qb7 25. Ne1 (25. Nh4 $14) 25... Bf4 (25... h5 $1 $11 26. g5 Rd8) 26. Re2 Qa6 {[#]} 27. Qd1 $1 $36 {[%mdl 2048] Keeping Black busy.} ({But not} 27. Rxe4 Bxd2 28. Rc6 Re8 $11) 27... Bd6 28. f3 Bg6 29. a3 (29. Rc6 $16 Ke7 30. Ng2) 29... h5 $2 ({Black should try} 29... b5 $14) 30. Bb4 $2 (30. Rc6 $18 Ke7 31. Bb4 Bxb4 32. Rexe6+ (32. axb4 Bf7 $16) 32... Kf7 33. Qb3) 30... Bxb4 (30... Bb8 $11 {remains equal.}) 31. axb4 Rc8 32. Rxc8 Qxc8 33. Ng2 hxg4 34. hxg4 Bh7 35. Nf4 Nf8 36. Qd2 g5 37. Ng2 Qc4 38. Re1 Qb5 39. Ra1 a6 40. Rc1 Nd7 41. Kf2 Bd3 (41... Qd3 $142 42. Qe3 Ke7) 42. Qc3 Bc4 $2 (42... Ke7 $16 43. Ne3 Bg6) 43. b3 $18 Bd3 44. Ne1 (44. Qc8 $142) 44... Bg6 45. Qc6 Bd3 $2 (45... Qxc6 46. Rxc6 Bb1) 46. Qxb5 $2 (46. Nxd3 $18 {and White stays clearly on top. And now Qd6 would win.} Qxc6 47. Rxc6) 46... Bxb5 {[%mdl 4096] Endgame KRN-KBN} 47. Rc7 Ke7 48. Ke3 Kd8 49. Rc1 Nb8 50. Kd2 Nc6 51. Kc3 (51. Nc2 $16) 51... Kd7 52. Rc2 Kd6 53. Rh2 e5 54. dxe5+ fxe5 $2 (54... Kxe5 $16 55. Nc2 Bf1) 55. Rh6+ Ke7 56. Nc2 Kd7 57. Rg6 Ne7 58. Rxg5 d4+ (58... Ke6 {is a better defense.} 59. Ne1 Kf6) 59. Kd2 Ke6 60. Rh5 Bc6 $2 (60... Be8 61. Rh8 Bg6) 61. Rh6+ Kd7 {[#]} (61... Kd5 {was worth a try.} 62. Ne1 Bb5 63. Rxb6 Nc8) 62. f4 $1 exf4 63. Nxd4 Bd5 64. Rf6 f3 65. Nxf3 Bxb3 66. Ne5+ Kc7 67. g5 {[%cal Bg4g5,Bg5g6,Bg6g7][%mdl 32]} Nd5 68. Rf3 Ba4 69. g6 Ne7 70. g7 Kd6 71. Ng6 (71. Nc4+ $142 Ke6 72. Re3+ Kf7 {[#]} 73. Rxe7+ $1 {[%mdl 512]} Kg8 74. Ne3 Bb3 75. Ng4 Bf7 76. Nh6+ Kxg7 77. Nxf7) 71... Ng8 72. Kc3 Bc6 73. Rf8 Bd5 74. Kd4 (74. Rd8+ $142 Ke6 75. Nf4+ Kf6 76. Nxd5+ Kxg7 77. Ra8 b5 78. Kd4 Nh6 79. Rxa6) 74... Bb3 75. Rb8 Kc7 76. Ra8 a5 77. bxa5 {White mates.} bxa5 78. Rxa5 Kd6 79. Ra6+ Kd7 80. Ke5 Bc2 81. Ra7+ Ke8 82. Nf4 Nh6 83. Nd5 Bb3 84. Nf6+ Kd8 85. Kf4 Bc4 86. Ke4 {Precision: White = 49%, Black = 32%.} 1-0